00734nam a2200205Ia 4500003000900000008004100009040001600050080001900066100002800085245007600113260003200189300001300221490005600234650004100290650001700331650002600348942000700374999001500381952013200396IN-BaIIA211028s9999 xx 000 0 eng d cIIA Library a535.215.2bSMI aSmith, William V.92766 4aThe lasercWilliam V. Smith  aNew YorkbMcGraw-Hillc1966 aix,498p. aMcGraw-Hill physical and quantum electronics series aAstronomy and Astrophysics Thesaurus aLasers93580 aLight Coherence94677 cBK c2726d2726 00104070aBANbBANcGENd1967-03-30g111.60l0o535.215.2/ SMIp3040r2021-11-05v111.60w1967-03-30yBKGRs. 111.60